Practical design of reinforced concrete structures / (Record no. 36248)

MARC details
000 -LEADER
fixed length control field 00846nam a22002297a 4500
005 - DATE AND TIME OF LATEST TRANSACTION
control field 20090820104614.0
008 - FIXED-LENGTH DATA ELEMENTS--GENERAL INFORMATION
fixed length control field 100520t xxu||||| |||| 00| 0 eng d
010 ## - LCCN (DPL NO)
LC control number ENG-96118
020 ## - INTERNATIONAL STANDARD BOOK NUMBER
International Standard Book Number 9788120340282
Terms of availability 225.00
035 ## - SYSTEM CONTROL NUMBER
System control number EN-79651
037 ## - SOURCE OF ACQUISITION
Source of stock number/acquisition DBAD / PUB
040 ## - CATALOGING SOURCE
Original cataloging agency DPL
Language of cataloging Eng
082 ## - DEWEY DECIMAL CLASSIFICATION NUMBER
Classification number 624.18341
100 ## - MAIN ENTRY--PERSONAL NAME
Personal name Ghosh,Karuna Moy
9 (RLIN) 1041
245 ## - TITLE STATEMENT
Title Practical design of reinforced concrete structures /
Statement of responsibility, etc by Karuna Moy Ghosh
260 ## - PUBLICATION, DISTRIBUTION, ETC. (IMPRINT)
Place of publication, distribution, etc New Delhi
Name of publisher, distributor, etc PHI Learning
Date of publication, distribution, etc 2010
270 ## - ADDRESS
Address M-97, Connaught Circus,
City New Delhi
Postal code 110001
300 ## - PHYSICAL DESCRIPTION
Extent xiv,261p. :
Dimensions 24cm (pbk)
Other physical details ill.
500 ## - GENERAL NOTE
General note Includes index
942 ## - ADDED ENTRY ELEMENTS (KOHA)
Source of classification or shelving scheme Dewey Decimal Classification
Item type English Books
Call number suffix GHO
Classification part 624.18341
Holdings
Withdrawn status Lost status Source of classification or shelving scheme Damaged status Not for loan Collection code Home library Current library Date acquired Source of acquisition Cost, normal purchase price Total Checkouts Full call number Barcode Date last seen Copy number Cost, replacement price Koha item type
    Dewey Decimal Classification   Not For Loan Non-fiction D.B.Act.Division D.B.Act.Division 13/04/2010 DBAD / PUB 225.00   624.18341 GHO EN-79651 20/05/2010 1 225.00 English Books

© Delhi Public Library
Hit Counter
free hit counter